000 01574cam a22003255a 4500
005 20091103014612.0
008 090911s2009 ii ab b 100 0 eng d
010 _aENG-95336 B-431078
020 _a9788131307120
_c695.00
035 _aEN-78869 B-431078
037 _bDBAD/PUB
037 _bAllied Pub/Ven
040 _aDPL
_beng
082 _a378.0130954
100 _aSaxena, Jyotsna
_928470
245 _aQuality concerns in professional education /
_cby Jyotsna Saxena, Shireesh pal Singh
260 _aNew Delhi :
_bAPH Publishing Corporation
_c2010
270 _a4435-36/7. Ansari road, Darya Ganj
_bNew Delhi
_e110002
300 _a xii, 205p.
_c22 cm. (Hb)
500 _aIncludes Index
520 _aContributed articles.
610 _aCollege of Fort St. George (Madras, India)
_928471
651 _aMadras (India)
_xIntellectual life
_y19th century.
_928472
700 _aSingh, Shireesh Pal
_928473
942 _2ddc
_cEN
_mSAX
_h378.0130954
999 _c31397
_d31397